Ron Weasley : (Record no. 7974)
[ view plain ]
| 000 -LEADER | |
|---|---|
| fixed length control field | 01406nam a22002897a 4500 |
| 001 - CONTROL NUMBER | |
| control field | 7974 |
| 003 - CONTROL NUMBER IDENTIFIER | |
| control field | FISKH |
| 005 - DATE AND TIME OF LATEST TRANSACTION | |
| control field | 20250815134400.0 |
| 008 - FIXED-LENGTH DATA ELEMENTS--GENERAL INFORMATION | |
| fixed length control field | 250815b cb ||||| |||| 00| 0 eng d |
| 020 ## - INTERNATIONAL STANDARD BOOK NUMBER | |
| International Standard Book Number | 9789386106582 |
| 040 ## - CATALOGING SOURCE | |
| Original cataloging agency | FISKH |
| Language of cataloging | eng |
| Transcribing agency | FISKH |
| Modifying agency | FISKH |
| 050 ## - LIBRARY OF CONGRESS CALL NUMBER | |
| Classification number | PN1995.H364 B357 |
| 082 ## - DEWEY DECIMAL CLASSIFICATION NUMBER | |
| Classification number | 791.43 |
| 100 ## - MAIN ENTRY--PERSONAL NAME | |
| Personal name | Baker, Felicity |
| 245 ## - TITLE STATEMENT | |
| Title | Ron Weasley : |
| Remainder of title | Cinematic Guide / |
| Statement of responsibility, etc. | By Felicity Baker |
| 260 ## - PUBLICATION, DISTRIBUTION, ETC. | |
| Place of publication, distribution, etc. | New York : |
| Name of publisher, distributor, etc. | Scholastic , |
| Date of publication, distribution, etc. | 2016. |
| 300 ## - PHYSICAL DESCRIPTION | |
| Extent | 64 pages : |
| Other physical details | color illustrations ; |
| Dimensions | 23 cm . |
| 490 ## - SERIES STATEMENT | |
| Series statement | Harry Potter Cinematic Guide |
| Volume/sequential designation | 3 |
| 505 ## - FORMATTED CONTENTS NOTE | |
| Formatted contents note | K <br/> |
| 520 ## - SUMMARY, ETC. | |
| Summary, etc. | The Essential Film Companion for RON WEASLEY that's perfect for the youngest fans! Relive the magical moments when Ron Weasley proved just as courageous and loyal as his famous best friend, Harry Potter; whether he was facing the Slytherin Quidditch team or a forest of scary giant spiders! This collection of photographs and quotes from all eight HARRY POTTER films takes a closer look at Ron's life, including his time at Hogwarts, family and friends, and dangerous battles against the Dark Lord, Voldemort.The experience of this eBook will be best if viewed on a tablet. |
| 521 8# - TARGET AUDIENCE NOTE | |
| Target audience note | 510 <br/> |
| Source | Lexile estimate <br/> |
| 521 8# - TARGET AUDIENCE NOTE | |
| Target audience note | K <br/> |
| Source | Raz-Plus <br/> |
| 650 ## - SUBJECT ADDED ENTRY--TOPICAL TERM | |
| Topical term or geographic name entry element | Harry Potter Series |
| Form subdivision | Children's literature |
| 700 ## - ADDED ENTRY--PERSONAL NAME | |
| Personal name | DeMonico, Rick |
| Relator term | Art Director |
| 942 ## - ADDED ENTRY ELEMENTS (KOHA) | |
| Source of classification or shelving scheme | Dewey Decimal Classification |
| Koha item type | Books |
| Suppress in OPAC | No |
| Withdrawn status | Lost status | Source of classification or shelving scheme | Damaged status | Not for loan | Collection | Home library | Current library | Shelving location | Date acquired | Total Checkouts | Full call number | Barcode | Date last seen | Price effective from | Koha item type |
|---|---|---|---|---|---|---|---|---|---|---|---|---|---|---|---|
| Dewey Decimal Classification | Juvenile Fiction | Footprints International School Library Network Toul Tom Poung Campus | Footprints International School Library Network Toul Tom Poung Campus | TTP Primary Yellow Bookshelves | 08/15/2025 | BAK 791.43 PN1995.H364 B357 | 2025-4113 | 08/15/2025 | 08/15/2025 | Books |
